Statistics for Image to U.S City - Multiple Choice

Click here to take the quiz!

General Stats

  • This quiz has been taken 484 times
  • The average score is 12 of 15

Answer Stats

QuestionAnswer% Correct
Which of these images is of San Francisco?
97%
Which of these images is of New York City?
96%
Which of these images is of St. Louis?
96%
Which of these images is of Las Vegas?
94%
Which of these images is of Washington, DC?
93%
Which of these images is of Phoenix?
88%
Which of these images is of Anchorage?
83%
Which of these images is of Honolulu?
80%
Which of these images is of Salt Lake City?
75%
Which of these images is of Albuquerque?
71%
Which of these images is of Atlanta?
70%
Which of these images is of Pittsburgh?
67%
Which of these images is of Montgomery?
62%
Which of these images is of Boston?
60%
Which of these images is of Chicago?
51%

Score Distribution

Percentile by Number Answered

Percent of People with Each Score

Your Score History

You have not taken this quiz